Educacao física escolar: fundamentos de una abordagem desenvolvimentista

Gardado en:
Detalles Bibliográficos
Autor Principal: Tani, Go (Author)
Formato: Libro
Idioma:portugués
Publicado: Sao Paulo EPU: Editora de Universidad de San Paulo 1988
Subjects:
Tags: Engadir etiqueta
Sen Etiquetas, Sexa o primeiro en etiquetar este rexistro!

MARC

LEADER 00000nam a2200000 a 4500
001 UCW3821
003 CL-VaPUC
008 890411e19880000BL |||||||||||||||||por|d
082 0 4 |a 613.7  |b TAN  |2 21 
100 0 |a Tani, Go  |e author  |9 308219 
245 1 0 |a Educacao física escolar: fundamentos de una abordagem desenvolvimentista 
300 |a 150 p 
942 |c BK 
945 |d 19890411 00:00:00 
260 |a Sao Paulo  |b EPU: Editora de Universidad de San Paulo  |c 1988 
650 0 |a Desarrollo infantil  |9 308064 
650 0 |a Educación física  |9 240893 
650 0 |a Niños  |9 255605 
650 0 |a Aptitud motora   |9 307353 
650 0 |a Psicología evolutiva   |9 308220 
583 |a last modification  |c 20170913 11:50:12  |k Rodrigo Vera 
999 |c 217707  |d 217705 
952 |0 0  |1 0  |4 0  |6 613_700000000000000_TAN_1988  |7 0  |8 P  |9 205806  |a BIBEDU  |b BIBEDU  |c BIBEDU_PB  |d 2019-11-15  |i 2737477  |o 613.7 TAN 1988  |p 2737477  |r 2024-01-25  |w 2019-11-15  |y BK  |k EDU